| 000 | 00347nam a2200097Ia 4500 | ||
|---|---|---|---|
| 008 | 180130s9999 xx 000 0 und d | ||
| 245 |
_cMcMorris, Terry _aThe practice session: creating a learning environment |
||
| 260 | _c2015 | ||
| 300 | _aBook title: Practical sports coaching--Acession number C20229; pages 85-109 | ||
| 650 | _aCOACHING (ATHLETICS) | ||
| 999 |
_c354567 _d354567 |
||